| 000 | 00937cab a2200229 4500 | ||
|---|---|---|---|
| 001 | X1387 | ||
| 008 | 090401t1994 xxu||||| |||| 00| 0 eng d | ||
| 035 | _a(Sirsi) u16714 | ||
| 041 | _aeng | ||
| 245 | _aKettering BC and Ferguson | ||
| 260 | _c1994 | ||
| 350 | _a0 | ||
| 490 |
_aPlanning Appeal Decisions _v(1994) 9 PAD 195-198(4) |
||
| 520 | _aDecision letter 15 December 1993. Enforcement notice - wall adjacent to highway - over 1m high - whether breach of planning control - Article 4 direction - structure and local plans - character and appearance of surrounding area - honey brown or cinder toffee colour of house - wall of pale Oolitic Limestone. | ||
| 650 | _aGENERAL DEVELOPMENT ORDER 1988 | ||
| 650 | _aLOCAL STONE | ||
| 650 | _aTOWN AND COUNTRY PLANNING ACT 1990 S174 | ||
| 650 | _aTOWN AND COUNTRY PLANNING ACT 1990 S177(5) | ||
| 690 | _aPLANNING LAW AND PRACTICE-CASE LAW | ||
| 942 | _n0 | ||
| 948 | _c04/03/1997 | ||
| 999 |
_c11043 _d11043 |
||